Statistics for US Counties Chain Quiz - Political Edition

Click here to take the quiz!

General Stats

  • This quiz has been taken 11 times
  • The average score is 7 of 20

Answer Stats

HintAnswer% Correct
Small midwestern county to never vote for a RepublicanMenominee
67%
Kentucky county that voted for every Democratic presidential candidate from it's founding until 2012. Broke the streak by voting for Trump in 2016Ellliott
67%
Texas county that voted for a Democratic presidential candidate for the first time since 1964Tarrant
67%
Largest county to vote for BidenLos Angeles
67%
New York County split between the 20th and 21st congressional districts, which flipped to Biden after voting for Trump in 2016Saratoga
50%
The most populous county in its state, and hasn't voted for a Democratic presidential candidate since 1940.Yellowstone
33%
The smallest in its state - was carried by Kerry in 2004 and has voted for a Democratic presidential candidate sinceAlpine
33%
A small Kansas county that has voted for a Republican presidential candidate since 1932. It shares its name with a common species of deer.Elk
33%
County that houses a large, football playing state university that still voted for TrumpTuscaloosa
33%
Largest county to vote for TrumpSuffolk
33%
County that had a single Trump voter in 2016 and 2020Kalawao
33%
Gave Trump 95% of the vote in 2020King
33%
Never voted for a Democratic presidential candidate, but has voted for its popular Democratic governor while they carried the state by 44 points.Grant
33%
This small, former gold mining county voted for George H.W Bush by one vote ahead of Ross PerotEsmeralda
17%
Virginia county named for an English king that last voted for a Democratic presidential candidate by a plurality in 1948King William
17%
College county that flipped to Biden in 2020, making it one of two counties in its state that voted blue this yearAlbany
17%
This West Virginian county named after a president's father has only voted for a Democratic presidential candidate once - Woodrow Wilson in 1912, since the Civil WarTyler
17%
Trump became the first Republican to win this West Texas county since 1972Reeves
17%
Iowa county which was the whitest to vote for Obama in 2008 and 2012Mitchell
17%
Southern Missouri county that has never voted for a DemocratOzark
0%

Score Distribution

Percentile by Number Answered

Percent of People with Each Score

Your Score History

You have not taken this quiz